| 000 | 00900nam a2200205 i 4500 | ||
|---|---|---|---|
| 001 | 163397 | ||
| 003 | ES-MaACL | ||
| 005 | 20250809014916.0 | ||
| 008 | 010917s1886 fr |||| | fre d | ||
| 040 |
_aCCPB | B _bspa _cCCPB | B |
||
| 100 | 1 |
_aRevillout, Eugéne. _996448 |
|
| 245 | 1 | 4 |
_aLes obligations en droit égyptien comparé aux autres droits de l'antiquité / _cleçons professées a l'École du Louvre par Eugène Revillout ; suivies d'un appendice sur le droit de la Chaldée au XXIIIe siècle et au VIe siècle avant J.-C. par Victor et Eugène Revillout. |
| 260 |
_aParis : _bErnest Leroux, _c1886 ( _eAngers : _fImprimerie A. Burdin) |
||
| 300 |
_aLXXXIII, 530 p. ; _c24 cm. |
||
| 650 | 7 |
_aDerecho egipcio _2embne _9165010 |
|
| 700 | 1 |
_aRevillout, Victor. _9131740 |
|
| 852 |
_aES-MaACL _jF-8545 _z-- Enc. pasta |
||
| 852 |
_aES-MaACL _jB-482 _z-- Rúst. |
||
| 999 |
_c163397 _d163397 |
||